| 000 | 00337nam a22001337a 4500 | ||
|---|---|---|---|
| 008 | 180807b xxu||||| |||| 00| 0 eng d | ||
| 020 | _a9780131172944 | ||
| 041 | _aeng | ||
| 080 |
_23rd _a61 |
||
| 100 | _aSHM | ||
| 101 | _a3 | ||
| 245 |
_aCulture Care Guide to Heritage Assessment and Health Traditions _cSpector,R.E |
||
| 942 |
_2udc _cBK |
||
| 999 |
_c46931 _d46931 |
||